[Event "AUTO-ADV-2918"]
[Site "http://www.queenalice.com/game.php?id=1232538"]
[Date "2013.11.15"]
[Round "2"]
[White "Espechess"]
[Black "junipero"]
[Result "0-1"]
[WhiteElo "2022"]
[BlackElo "2084"]

1. e4 c5 2. Nf3 Nc6 3. d4 cxd4 4. Nxd4 e5 5. Nf3 d6 6. Bc4 h6 7. c3 Nf6 8. Nbd2
Bg4 9. h3 Bh5 10. O-O Be7 11. Qb3 Na5 12. Bb5+ Nc6 13. Nh4 O-O 14. Nf5 a6 15.
Bxc6 bxc6 16. Qb7 Re8 17. Qxc6 Bf8 18. b3 Bg6 19. Ng3 Re7 20. c4 Rc7 21. Qb6 Qc8
22. Nf3 Nxe4 23. Nxe4 Bxe4 24. Qe3 f5 25. Nh2 Bb7 26. Bb2 f4 27. Qc3 Qf5 28. f3
Rf7 29. Rf2 Rf6 30. Kh1 Rg6 31. Re1 Be7 32. Nf1 Bh4 33. Ree2 Bxf2 34. Rxf2 Bc8
35. Nd2 Qh5 36. c5 Bxh3 37. gxh3 Qxh3+ 38. Rh2 Qg3 39. Qc4+ d5 40. Qf1 Rf8 41.
Rg2 Qh3+ 42. Rh2 Qxf1+ 43. Nxf1 e4 44. Rh5 e3 45. Re5 Rg5 46. Re7 Rc8 47. b4 Rc6
48. Nh2 Rcg6 49. Ng4 h5 0-1

[Event "AUTO-ADV-2918"]
[Site "http://www.queenalice.com/game.php?id=1232539"]
[Date "2013.11.15"]
[Round "2"]
[White "junipero"]
[Black "Espechess"]
[Result "0-1"]
[WhiteElo "2051"]
[BlackElo "1993"]

1. d4 d5 2. c4 e6 3. Nc3 Nf6 4. e3 c5 5. dxc5 Bxc5 6. cxd5 Nxd5 7. Nxd5 exd5 8.
Bb5+ Nc6 9. Qa4 Bd7 10. a3 O-O 11. Qc2 Bb6 12. Nf3 Rc8 13. Qd3 a6 14. Ba4 Ne5
15. Nxe5 Bxa4 16. b3 Qf6 17. Bb2 Bc6 18. O-O Rfd8 19. Qe2 Bb5 20. Nc4 Qg6 21. a4
dxc4 22. axb5 axb5 23. bxc4 bxc4 24. Rfc1 Qd3 25. Qe1 Ra8 26. Rxa8 Rxa8 27. Rc3
Qd5 28. Qc1 Ra4 29. g3 Ba5 30. Ra3 Rxa3 31. Bxa3 c3 32. Bb2 Qd2 33. Kf1 Qd3+ 34.
Kg2 c2 35. Qa1 Qd5+ 36. Kh3 f6 37. Bc1 b6 38. Qb2 Qf5+ 39. Kg2 Qd3 40. Qa2+ Kh8
41. Qe6 h6 42. e4 Qd8 43. Qb3 Qc8 44. f4 Qc6 45. Kf3 b5 46. Qa3 Bb6 47. f5 Qc8
48. Qd6 Qc3+ 49. Kg2 Qd4 50. Qxd4 Bxd4 51. Kf3 b4 52. Ke2 b3 53. Kd3 Be5 54. g4
Kg8 55. h4 Kf7 56. g5 hxg5 57. hxg5 fxg5 58. Bxg5 g6 59. fxg6+ Kxg6 60. Bc1 Kh5
61. Be3 Kg4 62. Kd2 Bb2 63. Kd3 c1=Q 64. Bxc1 Bxc1 65. Kc3 b2 66. Kc2 Kf4 67. e5
Kxe5 68. Kb1 Kd4 69. Kc2 Kc4 70. Kb1 Kc3 71. Ka2 Kc2 72. Ka3 b1=Q+ 73. Ka4 Bd2
0-1

[Event "AUTO-ADV-2893"]
[Site "http://www.queenalice.com/game.php?id=1233120"]
[Date "2013.11.18"]
[Round "2"]
[White "Espechess"]
[Black "gomestrovao"]
[Result "1-0"]
[WhiteElo "2042"]
[BlackElo "1790"]

1. e4 e5 2. Nf3 Nc6 3. Bc4 h6 4. d4 d6 5. dxe5 Bg4 6. h3 Bxf3 7. Qxf3 Nxe5 8.
Qb3 Nxc4 9. Qxc4 Be7 10. Qb5+ c6 11. Qxb7 Qc8 12. Qb3 Nf6 13. Qd3 O-O 14. O-O d5
15. exd5 cxd5 16. Nc3 Rd8 17. Be3 Bc5 18. Bxc5 Qxc5 19. Ne2 Rab8 20. b3 Ne4 21.
c3 Rbc8 22. Rac1 Rc7 23. c4 Rcd7 24. cxd5 Qxd5 25. Qxd5 Rxd5 26. Rc2 Rd1 27.
Rxd1 Rxd1+ 28. Kh2 Nxf2 29. Nc3 Rf1 30. g4 Rh1+ 31. Kg2 Nxh3 32. Kxh1 Nf4 33.
Ne2 Nd5 34. Rd2 Nb4 35. Rd8+ Kh7 36. Rd7 Nxa2 37. Rxa7 Nb4 38. Rxf7 Nd5 39. Nd4
Ne3 40. Nf5 Nxg4 41. Rxg7+ Kh8 42. Rxg4 Kh7 43. b4 h5 44. Rg5 h4 45. b5 h3 46.
b6 h2 47. b7 Kh8 48. b8=Q+ Kh7 49. Qg8# 1-0

[Event "AUTO-ADV-2893"]
[Site "http://www.queenalice.com/game.php?id=1233121"]
[Date "2013.11.18"]
[Round "2"]
[White "gomestrovao"]
[Black "Espechess"]
[Result "0-1"]
[WhiteElo "1804"]
[BlackElo "2055"]

1. e4 c5 2. d4 cxd4 3. Qxd4 Nc6 4. Qc3 e6 5. a3 Nf6 6. Bd3 d6 7. Bg5 Be7 8. Nf3
h6 9. Bxf6 Bxf6 10. Qb3 Qc7 11. Bb5 Bd7 12. Bxc6 Bxc6 13. Nc3 O-O 14. O-O Rac8
15. Rac1 Rfd8 16. Rfd1 Bxc3 17. Qxc3 Bxe4 18. Qxc7 Rxc7 19. Ne5 Rxc2 20. Rxc2
Bxc2 21. Rd2 Be4 22. Nc4 d5 23. f3 Bg6 24. Ne5 Bb1 25. b4 Rc8 26. Rd1 Ba2 27.
Nd7 b6 28. Ne5 Kf8 29. a4 Bb3 30. Ra1 Ke7 31. a5 f6 32. Nd3 bxa5 33. Rxa5 Rc7
34. Nc5 Bc4 35. b5 Rxc5 36. Rxa7+ Kd6 37. Ra6+ Ke5 38. Ra7 g5 39. b6 Rb5 40. Rb7
Kd6 41. Rh7 Rxb6 42. Rxh6 Ke5 43. g3 d4 44. Kf2 d3 45. Ke1 f5 46. h4 gxh4 47.
Rxh4 Bd5 48. f4+ Ke4 49. Rh2 Rb1+ 50. Kf2 Rb2+ 51. Kg1 Rb1+ 52. Kf2 d2 0-1

[Event "AUTO-ADV-2893"]
[Site "http://www.queenalice.com/game.php?id=1233122"]
[Date "2013.11.18"]
[Round "2"]
[White "Espechess"]
[Black "agilulfo"]
[Result "1-0"]
[WhiteElo "2048"]
[BlackElo "1831"]

1. e4 c5 2. Nf3 d6 3. d4 cxd4 4. Qxd4 Nc6 5. Bb5 Bd7 6. Qa4 a6 7. Bxc6 Bxc6 8.
Qd4 Nf6 9. Nc3 g6 10. Be3 Bg7 11. O-O O-O 12. Qd2 Nxe4 13. Nxe4 Bxe4 14. Bh6
Bxf3 15. Bxg7 Kxg7 16. Qc3+ e5 17. Qxf3 Qc7 18. c3 b5 19. Rad1 a5 20. Qd5 Rfd8
21. Qxb5 Rab8 22. Qe2 a4 23. Rb1 a3 24. b3 Qxc3 25. Rfc1 Qb4 26. Qe3 f6 27. Rc7+
Kf8 28. Qa7 d5 29. Rxh7 1-0

[Event "AUTO-ADV-2893"]
[Site "http://www.queenalice.com/game.php?id=1233123"]
[Date "2013.11.18"]
[Round "2"]
[White "agilulfo"]
[Black "Espechess"]
[Result "1/2-1/2"]
[WhiteElo "1927"]
[BlackElo "2120"]

1. d4 d5 2. c4 e6 3. Nc3 Nf6 4. Bg5 Be7 5. e3 O-O 6. cxd5 exd5 7. Nf3 Bg4 8. Be2
Nbd7 9. O-O h6 10. Bxf6 Nxf6 11. Rc1 c6 12. a4 a5 13. Na2 Qb6 14. Qd2 Qb3 15.
Nc3 Bb4 16. Bd1 Bxc3 17. Bxb3 Bxd2 18. Nxd2 Rfe8 19. h3 Bh5 20. Bc2 Be2 21. Rfe1
Ba6 22. Nb3 Bc4 23. Nc5 b6 24. Nb7 Ba6 25. Nd6 Re7 26. Bb1 Rc7 27. e4 Rd8 28. e5
Ne8 29. Nxe8 Rxe8 30. Ba2 Re6 31. f4 Bd3 32. g3 Rce7 33. Re3 Be4 34. Rxe4 dxe4
35. f5 Rxe5 36. dxe5 Rxe5 37. Re1 e3 38. g4 b5 39. axb5 cxb5 40. Kg2 Kf8 41. Kf3
Rc5 42. Rxe3 Rc2 43. Re2 Rc5 44. Ke4 f6 45. Kd3 Rc1 46. Rh2 Ke7 47. Bd5 Kd6 48.
Rh1 Rc7 49. Be6 a4 50. Rb1 b4 51. Bc4 Kc5 52. Rc1 Kd6 53. Kd2 a3 54. bxa3 bxa3
55. Ba2 Rb7 56. Kd3 Rb2 57. Rc2 Rb7 58. Kc4 Ke5 59. Rc3 Kf4 60. Rxa3 h5 61. gxh5
Kxf5 62. Rg3 Ke5 63. Rg6 f5 64. h6 gxh6 65. Rxh6 Rb2 66. Bb3 f4 67. Kc3 Rh2 68.
Bd1 Ke4 69. Re6+ Kf5 70. Bg4+ Kg5 71. Re5+ Kh4 72. Kd3 Kg3 73. Rf5 Ra2 74. Ke4
Ra4+ 75. Ke5 Ra5+ 76. Ke4 Ra4+ 77. Ke5 Ra5+ 78. Ke4 Ra4+ 1/2-1/2

[Event "AUTO-OPEN-3035"]
[Site "http://www.queenalice.com/game.php?id=1236041"]
[Date "2013.11.28"]
[Round "2"]
[White "Pagano"]
[Black "Espechess"]
[Result "1-0"]
[WhiteElo "2089"]
[BlackElo "2036"]

1. e4 c5 2. Nf3 e6 3. c3 Nc6 4. d4 cxd4 5. cxd4 Bb4+ 6. Bd2 Qb6 7. Bxb4 Qxb4+ 8.
Qd2 Nf6 9. Nc3 O-O 10. Be2 d6 11. O-O a6 12. Rac1 Bd7 13. d5 exd5 14. Nxd5 Nxe4
15. Qxb4 Nxb4 16. Nxb4 Rac8 17. Nd5 Rxc1 18. Rxc1 Be6 19. Bc4 Bg4 20. Nd4 Nc5
21. f3 Bd7 22. Nb6 Re8 23. b4 Na4 24. Nxd7 Rc8 25. Bxf7+ 1-0

[Event "AUTO-OPEN-3035"]
[Site "http://www.queenalice.com/game.php?id=1236042"]
[Date "2013.11.28"]
[Round "2"]
[White "Espechess"]
[Black "Pagano"]
[Result "1-0"]
[WhiteElo "2016"]
[BlackElo "2107"]

1. e4 c6 2. d4 d5 3. e5 Bf5 4. Nf3 e6 5. Bd3 Bxd3 6. Qxd3 Nd7 7. Be3 Qc7 8. Nbd2
c5 9. c3 c4 10. Qc2 Ne7 11. g4 Nc6 12. Ng5 h6 13. Nh3 b5 14. f4 b4 15. f5 Be7
16. fxe6 Ndxe5 17. dxe5 Nxe5 18. exf7+ Kf8 19. Qf5 bxc3 20. bxc3 Bf6 21. Nf4
Qxf7 22. O-O g6 23. Nxg6+ Nxg6 24. Qxf6 Qxf6 25. Rxf6+ 1-0

[Event "AUTO-OPEN-3035"]
[Site "http://www.queenalice.com/game.php?id=1236047"]
[Date "2013.11.28"]
[Round "2"]
[White "Espechess"]
[Black "barrai"]
[Result "1-0"]
[WhiteElo "2020"]
[BlackElo "1945"]

1. e4 c5 2. Nf3 Nc6 3. d4 cxd4 4. Nxd4 d6 5. Nc3 a6 6. Be3 g6 7. Be2 Bd7 8. Qd2
Bg7 9. f3 Nf6 10. Nb3 O-O 11. Bh6 Re8 12. h4 Ne5 13. g4 b5 14. Bxg7 Kxg7 15. h5
Nc4 16. Bxc4 bxc4 17. Nd4 Rh8 18. hxg6 hxg6 19. O-O-O Qb6 20. Nd5 Nxd5 21. exd5
a5 22. Qc3 f6 23. g5 Qb4 24. Qe3 Rae8 25. Rxh8 Kxh8 26. gxf6 Kg8 27. Qh6 1-0

[Event "AUTO-OPEN-3035"]
[Site "http://www.queenalice.com/game.php?id=1236048"]
[Date "2013.11.28"]
[Round "2"]
[White "barrai"]
[Black "Espechess"]
[Result "0-1"]
[WhiteElo "1980"]
[BlackElo "2001"]

1. e4 d5 2. e5 Bf5 3. d4 e6 4. h4 Be7 5. g4 Be4 6. f3 Bxh4+ 7. Ke2 Bg6 8. Nh3
Be7 9. g5 h6 10. f4 Bh5+ 0-1

[Event "AUTO-ADV-2909"]
[Site "http://www.queenalice.com/game.php?id=1239982"]
[Date "2013.12.14"]
[Round "2"]
[White "Equeiroz"]
[Black "Espechess"]
[Result "0-1"]
[WhiteElo "1820"]
[BlackElo "2084"]

1. e4 c5 2. c3 e6 3. Nf3 Nc6 4. Be2 Nf6 5. d3 d6 6. O-O Be7 7. Bf4 O-O 8. Nbd2
Bd7 9. Qc2 Rc8 10. a4 h6 11. Rfb1 e5 12. Bg3 Nh5 13. Nf1 f5 14. exf5 Bxf5 15.
Nxe5 Nxg3 16. Nxc6 Nxe2+ 17. Qxe2 Rxc6 18. Ng3 Bh7 19. Re1 Bf6 20. Ne4 Be5 21.
Rad1 Bxe4 22. Qxe4 Bf6 23. a5 Qxa5 24. Ra1 Qb6 25. f3 Qxb2 26. Rab1 Qxc3 27.
Rxb7 Ra6 28. Rbb1 Qc2 29. h3 Ra2 30. Qc4+ Qxc4 31. dxc4 a5 32. Re6 a4 33. Rxd6
Re8 34. Rbd1 Ree2 0-1

[Event "AUTO-ADV-2909"]
[Site "http://www.queenalice.com/game.php?id=1239983"]
[Date "2013.12.14"]
[Round "2"]
[White "Espechess"]
[Black "Equeiroz"]
[Result "1-0"]
[WhiteElo "2089"]
[BlackElo "1846"]

1. e4 e5 2. Nf3 Nc6 3. Bb5 d6 4. Nc3 Bd7 5. d3 Be7 6. Nd5 Nf6 7. Nxe7 Qxe7 8.
Bg5 O-O-O 9. h3 h6 10. Be3 a6 11. Ba4 Kb8 12. O-O Qe8 13. c4 Ne7 14. Bc2 Ng6 15.
b4 Nh5 16. a4 Nhf4 17. b5 a5 18. c5 dxc5 19. Bxc5 b6 20. Be3 Be6 21. Bxf4 Nxf4
22. Nxe5 Ka8 23. Nc6 Rd7 24. Qf3 g5 25. d4 f6 26. d5 Bf7 27. Rfe1 Qf8 28. Qc3
Be8 29. Rab1 Rhh7 30. e5 Nxd5 31. Qf3 Rhf7 32. e6 Nf4 33. exd7 Rxd7 34. Nxa5+
Nd5 35. Rbd1 bxa5 36. Rxd5 Kb8 37. Rxd7 Bxd7 38. Rd1 Be6 39. Qc6 Qc8 40. Be4 1-0

[Event "AUTO-ADV-2909"]
[Site "http://www.queenalice.com/game.php?id=1239986"]
[Date "2013.12.14"]
[Round "2"]
[White "solzhenitsyn"]
[Black "Espechess"]
[Result "0-1"]
[WhiteElo "1848"]
[BlackElo "2011"]

1. d4 Nf6 2. c4 e6 3. Nc3 Be7 4. Nf3 d5 5. Bg5 Nbd7 6. e3 O-O 7. cxd5 Nxd5 8.
Bxe7 Qxe7 9. Bd3 N7f6 10. Ne5 c5 11. O-O cxd4 12. exd4 Nxc3 13. bxc3 a6 14. Qc2
b5 15. a4 b4 16. c4 a5 17. Rac1 Bb7 18. c5 Rfd8 19. c6 Rac8 20. Qc5 Qxc5 21.
Rxc5 Ba8 22. Rfc1 Rd5 23. Rxd5 Nxd5 24. Ba6 Rc7 25. h3 Kf8 26. Nd7+ Ke7 27. Ne5
f6 28. Nf3 Rxc6 29. Rxc6 Bxc6 30. Bb5 Bxb5 31. axb5 Kd6 32. g4 Nc3 33. Nd2 Nxb5
34. Nc4+ Kd5 35. Nxa5 Nxd4 36. Kf1 b3 0-1

[Event "AUTO-ADV-2909"]
[Site "http://www.queenalice.com/game.php?id=1239987"]
[Date "2013.12.14"]
[Round "2"]
[White "Espechess"]
[Black "solzhenitsyn"]
[Result "1-0"]
[WhiteElo "2033"]
[BlackElo "1866"]

1. e4 c5 2. Nf3 d6 3. d4 cxd4 4. Nxd4 Nf6 5. Nc3 a6 6. Be3 e5 7. Nf3 Bg4 8. Be2
Be7 9. h3 Bh5 10. Qd2 O-O 11. Rd1 Nc6 12. O-O Qc7 13. a3 Bg6 14. Qd3 Rac8 15.
Nh4 Nxe4 16. Nxg6 Nxc3 17. Nxe7+ Qxe7 18. Qxc3 Nd4 19. Qd3 Nxe2+ 20. Qxe2 Rc6
21. Rd2 Rfc8 22. Rfd1 Qe6 23. c3 Rd8 24. Rd5 b5 25. Qd3 h6 26. Qe4 Rc4 27. Qd3
Rc6 28. b3 f5 29. Bc5 e4 30. Qd4 f4 31. Bxd6 e3 32. Bxf4 Rxd5 33. Qxd5 exf2+ 34.
Kxf2 Qxd5 35. Rxd5 Rxc3 36. Rd6 Rxb3 37. Rxa6 Rb2+ 38. Kg3 Rb3+ 39. Kg4 b4 40.
a4 Rb2 41. g3 b3 42. Rb6 Rb1 43. Be5 1-0

[Event "AUTO-ADV-2909"]
[Site "http://www.queenalice.com/game.php?id=1239988"]
[Date "2013.12.14"]
[Round "2"]
[White "GrandpaRichard"]
[Black "Espechess"]
[Result "0-1"]
[WhiteElo "1806"]
[BlackElo "2079"]

1. e4 c5 2. Nf3 e6 3. d4 cxd4 4. Nxd4 Nc6 5. Nc3 Nf6 6. Ndb5 a6 7. Nd6+ Bxd6 8.
Qxd6 h6 9. Bd3 Qe7 10. Bf4 e5 11. Qxe7+ Kxe7 12. Be3 d6 13. h3 Be6 14. O-O Rhd8
15. Bb6 Rd7 0-1

[Event "AUTO-ADV-2909"]
[Site "http://www.queenalice.com/game.php?id=1239989"]
[Date "2013.12.14"]
[Round "2"]
[White "Espechess"]
[Black "GrandpaRichard"]
[Result "1-0"]
[WhiteElo "2074"]
[BlackElo "1811"]

1. e4 e6 2. d4 d5 3. exd5 exd5 4. Nf3 Nf6 5. Be2 Nc6 6. Bg5 Be7 7. Nbd2 Bf5 8.
O-O h6 9. Bf4 O-O 10. c4 Nb4 11. a3 Nc2 12. Rc1 g5 13. Be5 Ng4 14. Rxc2 Bxc2 15.
Qxc2 1-0

[Event "AUTO-OPEN-3035"]
[Site "http://www.queenalice.com/game.php?id=1252028"]
[Date "2014.1.28"]
[Round "3"]
[White "Espechess"]
[Black "FabioDavid"]
[Result "0-1"]
[WhiteElo "2117"]
[BlackElo "2518"]

1. e4 e5 2. Nf3 Nc6 3. Bb5 a6 4. Ba4 Nf6 5. d3 Bc5 6. h3 d6 7. Bg5 h6 8. Bh4 Bd7
9. Nc3 g5 10. Bg3 Qe7 11. Qe2 O-O-O 12. O-O-O Kb8 13. a3 Nd4 14. Nxd4 exd4 15.
Nd5 Nxd5 16. Bxd7 Rxd7 0-1

[Event "AUTO-OPEN-3035"]
[Site "http://www.queenalice.com/game.php?id=1252029"]
[Date "2014.1.28"]
[Round "3"]
[White "FabioDavid"]
[Black "Espechess"]
[Result "1-0"]
[WhiteElo "2515"]
[BlackElo "2095"]

1. e4 c5 2. Nf3 e6 3. d4 cxd4 4. Nxd4 Nc6 5. Nc3 Nf6 6. Be3 Bb4 7. Bd3 Bxc3+ 8.
bxc3 Qc7 9. Nb5 Qe5 10. f4 Qb8 11. e5 Nd5 12. Bc5 b6 13. Bd6 Qb7 14. Ba3 Kd8 15.
Nd6 1-0

[Event "AUTO-OPEN-3592"]
[Site "http://www.queenalice.com/game.php?id=1402131"]
[Date "2016.1.4"]
[Round "1"]
[White "Bruscato"]
[Black "Espechess"]
[Result "1-0"]
[WhiteElo "2283"]
[BlackElo "2118"]

1. e4 c5 2. Nf3 e6 3. b3 Nc6 4. Bb2 d6 5. d4 cxd4 6. Nxd4 Nf6 7. Nc3 Bd7 8. Be2
Be7 9. O-O Rc8 10. f4 a6 11. Nxc6 Bxc6 12. Qd4 Qc7 13. Kh1 e5 14. Qe3 O-O 15.
Rad1 Rfd8 16. a4 d5 17. exd5 exf4 18. Qf3 Bd7 19. Ne4 Nxe4 20. Qxe4 Bd6 21. Bd3
f5 22. Qd4 Be8 23. Bxf5 Rb8 24. Qe4 h6 25. Be6+ Bf7 26. Qg6 Bxe6 27. Qxe6+ Qf7
28. Qxf7+ Kxf7 29. Bc1 g5 30. g3 Kg6 31. gxf4 Rf8 32. fxg5 hxg5 33. Rg1 Rf5 34.
h4 Rh8 35. Bxg5 Kf7 36. Kg2 Kg6 37. Rge1 Kf7 38. Rf1 Rxf1 39. Rxf1+ Ke8 40. Rf6
Kd7 41. Rf7+ Kc8 42. c4 a5 43. Kf3 Re8 44. Be3 Re5 45. c5 Be7 46. Kf4 1-0

[Event "AUTO-OPEN-3592"]
[Site "http://www.queenalice.com/game.php?id=1402132"]
[Date "2016.1.4"]
[Round "1"]
[White "Espechess"]
[Black "Bruscato"]
[Result "1/2-1/2"]
[WhiteElo "2111"]
[BlackElo "2273"]

1. e4 c5 2. Nf3 Nc6 3. d4 cxd4 4. Nxd4 Nf6 5. Nc3 e6 6. Be2 Bb4 7. f3 Qb6 8. Nb3
a5 9. Bd2 a4 10. Nc1 O-O 11. a3 Be7 12. Nd3 d5 13. exd5 exd5 14. Qc1 Bf5 15. Nd1
Nd4 16. Be3 Qa5+ 17. Nc3 Nxe2 18. Kxe2 Rad8 19. Bd4 Rfe8 20. Kf2 Bxd3 21. cxd3
Bd6 22. h3 Bc5 23. Qf4 Qb6 24. Bxc5 Qxc5+ 25. d4 Qc4 26. Rae1 Qb3 27. Qd2 Rc8
28. Rxe8+ Rxe8 29. Re1 Rxe1 30. Kxe1 Kf8 31. Qe2 h6 32. Qb5 Qxb5 33. Nxb5 Ke7
34. Nc3 Nh5 35. Nxd5+ Kd6 36. Nc3 Nf4 37. Kf1 Nd3 38. Nxa4 Kd5 39. b4 Kxd4 40.
Ke2 Nf4+ 41. Kf2 Nd3+ 42. Kg3 Kc4 43. Nb6+ Kb3 44. Nc8 Kxa3 45. Nd6 b6 46. Nc4+
Kxb4 47. Nxb6 Kc5 48. Nd7+ Kd6 49. Nb6 Ke6 50. Nc4 1/2-1/2

[Event "AUTO-OPEN-3592"]
[Site "http://www.queenalice.com/game.php?id=1402155"]
[Date "2016.1.4"]
[Round "1"]
[White "Espechess"]
[Black "deathbydixxon"]
[Result "1-0"]
[WhiteElo "2116"]
[BlackElo "1467"]

1. e4 e5 2. Nf3 d6 3. Bc4 h6 4. Nc3 Bg4 5. O-O Nc6 6. h3 Bxf3 7. Qxf3 Qf6 8. Qd1
a6 9. d3 Nge7 10. f4 O-O-O 11. fxe5 Qxe5 12. Bxf7 Qc5+ 13. Kh1 g5 14. Qe2 Bg7
15. Be3 Bd4 16. Bxd4 Qxd4 17. Be6+ Kb8 18. Rf7 Qe5 19. Bd5 Nd4 20. Raf1 c6 21.
Bb3 Nxb3 22. axb3 h5 23. R1f6 g4 24. h4 Ng8 25. Rf5 Qe6 26. Qf2 Nh6 27. R5f6 Qe5
28. Qb6 1-0

[Event "AUTO-OPEN-3592"]
[Site "http://www.queenalice.com/game.php?id=1402156"]
[Date "2016.1.4"]
[Round "1"]
[White "deathbydixxon"]
[Black "Espechess"]
[Result "0-1"]
[WhiteElo "1544"]
[BlackElo "2117"]

1. e4 c5 2. d4 cxd4 3. Qxd4 Nc6 4. Qd1 Nf6 5. Nc3 e6 6. Bg5 Be7 7. Nf3 d6 8. Bb5
Qc7 9. a3 Bd7 10. O-O O-O 11. Bxc6 Bxc6 12. Re1 h6 13. Be3 Nxe4 14. Nxe4 Bxe4
15. c3 d5 16. Bd4 Bd6 17. Rc1 Bxf3 18. Qxf3 Bxh2+ 19. Kh1 e5 20. Be3 e4 21. Qg4
f5 22. Qh4 Be5 23. f4 Bf6 24. Qh3 a6 25. Qxf5 Rad8 26. Qg4 Qd7 27. f5 Kh8 28.
Rf1 d4 29. cxd4 Rfe8 30. Rf4 Bxd4 31. f6 Qxg4 32. Rxg4 Bxf6 33. Rc4 b5 34. Rc2
Rd3 35. Re2 Bxb2 36. Bc5 Bxa3 37. Bb6 e3 38. Kh2 Bd6+ 39. Kh3 Re6 40. Rd4 Rxd4
41. Bxd4 Kg8 42. Kg4 Re4+ 0-1